000
00317nam a2200121Ia 4500
008
220216s9999 xx 000 0 und d
100
_a
Nagle P G
245
0
_a
Mercury vapour arc lamp: its uses in a rubber factory
260
_b
IRI Transactions
_c
1927
300
_a
304-311
650
_a
Rubber factory
942
_c
JS
999
_c
62833
_d
62833